000 00206nam a2200097Ia 4500
008 170619s9999 xx 000 0 und d
100 _aLIPSCHUTZ- S.
245 0 _aDATA STRUCTURES
260 _bTMH
260 _c2008
546 _aENGLISH
999 _c18753
_d18753